Functional electronics / (Record no. 11068)
[ view plain ]
| 000 -LEADER | |
|---|---|
| fixed length control field | 00493cam a2200193ua 4500 |
| 020 ## - INTERNATIONAL STANDARD BOOK NUMBER | |
| ISBN | 0-07-451853-4 |
| 041 ## - LANGUAGE CODE | |
| Language code of text/sound track or separate title | eng |
| 082 ## - DEWEY DECIMAL CLASSIFICATION NUMBER | |
| Classification number | 621.381 |
| Item number | RAM/FU |
| 100 ## - MAIN ENTRY--AUTHOR NAME | |
| Personal name | Raman, K V . |
| 245 ## - TITLE STATEMENT | |
| Title | Functional electronics / |
| 260 ## - PUBLICATION, DISTRIBUTION, ETC. (IMPRINT) | |
| Place of publication | New Delhi : |
| Name of publisher | Tata Mc-Graw Hill Publishing Company , |
| Year of publication | 1995. |
| 300 ## - PHYSICAL DESCRIPTION | |
| Number of Pages | 751 ; . |
| 500 ## - GENERAL NOTE | |
| General note | *CSS |
| 942 ## - ADDED ENTRY ELEMENTS (KOHA) | |
| Koha item type | Books |
| Withdrawn status | Lost status | Damaged status | Home library | Current library | Shelving location | Date acquired | Full call number | Accession Number | Koha item type |
|---|---|---|---|---|---|---|---|---|---|
| KAUAET | KAUAET | Scheme | 31/08/2018 | 621.381 RAM/FU | 18963 | Books | |||
| KAUAET | KAUAET | Scheme | 03/09/2018 | 621.381 RAM/FU | 18964 | Books | |||
| KAUAET | KAUAET | Scheme | 03/09/2018 | 621.381 RAM/FU | 20751 | Books |
